El hijo del salitre
Сохранить в:
| Главный автор: | |
|---|---|
| Формат: | |
| Язык: | Undetermined |
| Опубликовано: |
Santiago, Chile
Lautaro
1952
|
| Редактирование: | 2 |
| Предметы: | |
| Метки: |
Добавить метку
Нет меток, Требуется 1-ая метка записи!
|
MARC
| LEADER | 00000nam a2200000Ia 4500 | ||
|---|---|---|---|
| 008 | 170316s9999 xx 000 0 und d | ||
| 040 | |a cru BVZT | ||
| 090 | |a 860 V-16h | ||
| 100 | |a Volodia, Teitelboim | ||
| 245 | |a El hijo del salitre | ||
| 250 | |a 2 | ||
| 260 | |a Santiago, Chile | ||
| 260 | |b Lautaro | ||
| 260 | |c 1952 | ||
| 300 | |a 460 páginas | ||
| 650 | |a LITERATURA LATINOAMERICANA | ||
| 999 | |c 9304 |d 9304 | ||
| 942 | |c 15 D |h 860 V-16h |2 z | ||
